| 000 | 00832nam a2200229Ia 4500 | ||
|---|---|---|---|
| 003 | OSt | ||
| 005 | 20211117130423.0 | ||
| 008 | 210310s1990 ck gr 000 0 spa d | ||
| 040 |
_aCO-JMCR _cCO-JMCR |
||
| 041 | 0 | _aspa | |
| 082 | 0 | 4 |
_a343.03 / _bM672d _223 |
| 100 | 1 |
_aMiranda Talero, Alfonso _eautor _929067 |
|
| 245 | 1 | 3 |
_aEl derecho de las finanzas publicas / _cAlfonso Miranda Talero ; colaboración de Alfonso Miranda Londoño |
| 260 |
_aMedellín, Colombia : _bAgora, _c1990. |
||
| 300 |
_a471 páginas ; _c24 cm. |
||
| 504 | _aBibliografía : páginas 457-462. | ||
| 505 | 0 | _aCiencias de las finanzas públicas. -- El plan financiero del estado y su control. | |
| 650 | 1 | 4 |
_aFinanzas públicas _941563 |
| 650 | 2 | 4 |
_aFinanzas privadas _941564 |
| 700 | 1 |
_aMiranda Londoño, Alfonso _ecoautor _914529 |
|
| 942 |
_2ddc _cBK |
||
| 999 |
_c12733 _d12733 |
||